000 00733nam a2200205Ia 4500
003 GCL
008 140319s9999 xx 000 0 ara d
040 _aGCL /
_cGCL
082 0 4 _a341.8
_bم ق
100 1 _aمصطفى احمد فؤاد
245 1 0 _aالقانون واجب التطبيق علىالعقد المبرم بين المنظمة الدولية وشخص القانون الداخلى /
_cمصطفى احمد فؤاد
260 _a[S.N] :
_bلجنة الاعلام والدراسات المستقبلية ،
_c1986
300 _a73 ص
490 _a
650 0 4 _aالقانون
650 0 4 _aالقانون الدولى
650 0 4 _aالعقد
650 0 4 _aالمنظمات الدولية
942 _2ddc
_cBK
999 _c36983
_d36983